Deutsche Geschichte im Zeitalter der Reformation. Band 5-6.

Uložené v:
Podrobná bibliografia
Hlavný autor: Ranke, Leopold von
Médium: Kniha
Jazyk:Slovak
Vydané: Wien, [1928].
Fyzický popis: 476 s.
Tagy: Pridať tag
Žiadne tagy, Buďte prvý kto otaguje tento záznam!

MARC

LEADER 00000nam a22000004a 4500
001 000608921
005 20200102103424.0
008 190211s1928 xo e 000 0 slo d
040 |a SVKKK  |b slo  |c SVKKK  |e AACR2 
100 1 |a Ranke, Leopold von 
245 1 0 |a Deutsche Geschichte im Zeitalter der Reformation. Band 5-6. 
260 |a Wien,  |c [1928]. 
300 |a 476 s. 
500 |a Záznam revízie 
504 |a Lit. 10 
910 |a svkkk 
998 |a BK 
090 |g SCKHL  |k Sklad Pribinova 2. posch.  |a III.29035  |j 119423  |i 2720312675  |s Prezenčne